000 00811nam a2200217 a 4500
008 090324s2007 ||||||||||||||||| || u
020 _a070202788X
050 _aSF 609 Blo
100 _aStuddert, Virginia P
245 1 0 _aSaunders comprehensive veterinary dictionary. -- 3rd ed.
_cDouglas C. Blood, Virginia P. Studdert; Clive C. Gay
250 _a3rd ed.
260 _aLondon:
_bElsevier
_c2007
300 _axiv, 2166p.: ill.
350 _a0.00
650 _aVETERINARY MEDICINE--DICTIONARIES
650 _aVETERINARY MEDICINE--DICTIONARY--ENGLISH
650 _aVETERENARY
700 _aGay, Clive C
700 _aBlood, Douglas C. (Douglas Charles)
995 _D0.00
_FCBU-MAIN LIBRARY (Kitwe)
_H1
_I0.00
_M1
_UREFERENCE
_WMay 11, 2009
_ZReference Collection
999 _c56978
_d56978